Quang phổ phân tử và ứng dụng

Quyển sách trình bày về tương tác giữa ánh sáng với môi trường vật chất, phổ quay của phân tử hai nguyên tử, phổ dao động của phân tử hai nguyên tử...

Tallennettuna:
Bibliografiset tiedot
Päätekijä: Dương, Ái Phương
Aineistotyyppi: Kirja
Kieli:Undetermined
Julkaistu: Thành Phố Hồ Chí Minh Đại học Quốc gia Thành Phố Hồ Chí Minh 2002
Aiheet:
Tagit: Lisää tagi
Ei tageja, Lisää ensimmäinen tagi!
Thư viện lưu trữ: Trung tâm Học liệu Trường Đại học Cần Thơ
LEADER 00893nam a2200205Ia 4500
001 CTU_51561
008 210402s9999 xx 000 0 und d
020 |b 10000 
082 |a 535.84 
082 |b Ph561 
100 |a Dương, Ái Phương 
245 0 |a Quang phổ phân tử và ứng dụng 
245 0 |c Dương Ái Phương 
260 |a Thành Phố Hồ Chí Minh 
260 |b Đại học Quốc gia Thành Phố Hồ Chí Minh 
260 |c 2002 
520 |a Quyển sách trình bày về tương tác giữa ánh sáng với môi trường vật chất, phổ quay của phân tử hai nguyên tử, phổ dao động của phân tử hai nguyên tử... 
650 |a Physics,Quang phổ,Phân tích quang phổ 
904 |i Thu Ba 
980 |a Trung tâm Học liệu Trường Đại học Cần Thơ